Hermann Göring /

Bibliographic Details
Main Author: Manvell, Roger
Other Authors: Fraenkel, Heinrich
Format: Libro
Language:English
Published: Great Britain Nel Mentor 1968
Edition:1a.ed.
Series:Doctor Goebbels
Subjects:

MARC

LEADER 00000cam a2200000 a 4500
001 022904
003 UAHC_CL
005 20170803122202.0
008 010822b xx j 000 1 eng
040 |a UAHC_CL  |c UAHC_CL  |d UAHC_CL 
082 0 4 |a 940.53 M295 
100 1 |a Manvell, Roger 
245 1 0 |a Hermann Göring /  |c Roger Manvell ; Heinrich Fraenkel. 
250 |a 1a.ed. 
260 |a Great Britain  |b Nel Mentor  |c 1968 
300 |a 283 p. 
490 0 |a Doctor Goebbels 
650 4 |a GUERRA MUNDIAL II 
700 1 |a Fraenkel, Heinrich 
900 |a 940.53 MANBodega 
942 |c BK 
999 |c 22904  |d 22904